| 000 | 00407nam a22001457a 4500 | ||
|---|---|---|---|
| 020 | _a0 412 30680 8 | ||
| 082 |
_a624.1834 _bFRA _cl-20, P-156 |
||
| 100 |
_aElfgren. L. _943113 |
||
| 245 | _aFracture mechanics of concrete structures. | ||
| 260 |
_aLondon _bChapman and Hall |
||
| 300 |
_axvi, 407p. : _bill. : _c8 Cm |
||
| 526 |
_a0 _b0 _c0 _d624_183400000000000_FRA |
||
| 650 |
_aMCE _9379 |
||
| 942 |
_2ddc _cBK |
||
| 999 |
_c546910 _d546910 |
||